| 000 | 01454nam a2200337 c 4500 | ||
|---|---|---|---|
| 003 | BLK | ||
| 005 | 20240229004020.0 | ||
| 008 | 180409b bul|||||r ||||||| ||bul|| | ||
| 010 | _aKNG00132388000 | ||
| 020 |
_a978-954-09-0540-2 _bиздат.: Захарий Стоянов |
||
| 040 | _aBLK | ||
| 041 |
_aBUL _cBUL |
||
| 072 | 7 |
_2bullib _aН8400 _xБългарска поезия Н |
|
| 080 |
_aБългарска литература _b821.163.2 _x-1 _z821.163.2-1 |
||
| 100 | 1 |
_aГранитски, Иван _qДимитров, Иван Йорданов _d1953- _gЖурналист, литературен критик, теоретик и историк, поет, публицист и издател. _eпърви автор _955767 |
|
| 700 | 1 |
_aТалев, Милчо _eхудож. _9320262 |
|
| 139 |
_aГранитски, Иван _bГ 77 |
||
| 245 | 1 | 0 |
_aЩерна _bСтихове _cИван Гранитски; худож. Милчо Талев. |
| 257 | _aBGR | ||
| 260 |
_аСофия _bЗахарий Стоянов _c2011 _fСофия : Д. Благоев |
||
| 300 |
_a95 с. _bс ил. _c22 см |
||
| 380 | _aX | ||
| 500 | _aИван Гранитски - псевд. на Иван Йорданов Димитров. | ||
| 659 | _aН | ||
| 852 | _aЦб 255838 | ||
| 856 | 4 |
_qpdf _u |
|
| 856 | 4 |
_qpdf _u |
|
| 942 |
_cKNG _n0 |
||
| 944 |
_aCR _c23.07.2012 _k _lCRON CRON |
||
| 944 |
_aED _c06.02.2013 _k |
||
| 999 |
_c126700 _d126700 |
||